| Tag |
First Indicator |
Second Indicator |
Subfields |
| LEADER |
00000cam a2200000Ia 4500 |
| 001 |
in00002002202 |
| 005 |
20220105141737.0 |
| 006 |
m d |
| 007 |
cr cnu---unuuu |
| 008 |
040505s2004 nju sb 001 0 eng d |
| 020 |
|
|
|a 1410610330 (electronic bk.)
|
| 035 |
|
|
|a (OCoLC)ocm55079670
|
| 040 |
|
|
|a N$T
|c N$T
|d OCLCQ
|d UtOrBLW
|
| 049 |
|
|
|a IKMN
|
| 050 |
1 |
4 |
|a HQ784.M3
|b V355 2004eb
|
| 082 |
0 |
4 |
|a 302.23/083
|2 22
|
| 100 |
1 |
|
|a Valkenburg, Patti M.,
|d 1958-
|0 http://id.loc.gov/authorities/names/n2003094986
|
| 245 |
1 |
0 |
|a Children's responses to the screen :
|b a media psychological approach /
|c Patti M. Valkenburg.
|
| 264 |
|
1 |
|a Mahwah, N.J. :
|b Lawrence Erlbaum,
|c 2004.
|
| 300 |
|
|
|a viii, 164 pages ;
|c 24 cm.
|
| 336 |
|
|
|a text
|b txt
|2 rdacontent
|
| 337 |
|
|
|a computer
|b c
|2 rdamedia
|
| 338 |
|
|
|a online resource
|b cr
|2 rdacarrier
|
| 490 |
1 |
|
|a LEA's communication series
|
| 504 |
|
|
|a Includes bibliographical references (pages 137-151) and indexes.
|
| 533 |
|
|
|a Electronic reproduction.
|b Boulder, Colo. :
|c NetLibrary,
|d 2004.
|n Available via World Wide Web.
|n Access may be limited to NetLibrary affiliated libraries.
|
| 500 |
|
|
|a Electronic resource.
|
| 650 |
|
0 |
|a Mass media and children.
|0 http://id.loc.gov/authorities/subjects/sh85081881
|
| 655 |
|
7 |
|a Electronic books.
|2 local
|
| 710 |
2 |
|
|a NetLibrary, Inc.
|0 http://id.loc.gov/authorities/names/no99080690
|
| 776 |
1 |
|
|c Original
|z 0805847634
|z 0805847642
|w (DLC) 2003049521
|w (OCoLC)53037339
|
| 830 |
|
0 |
|a LEA's communication series.
|0 http://id.loc.gov/authorities/names/n93123409
|
| 856 |
4 |
1 |
|u https://proxy.library.tamu.edu/login?url=http://www.netLibrary.com/urlapi.asp?action=summary&v=1&bookid=108355
|z Connect to the full text of this electronic book
|t 0
|
| 994 |
|
|
|a 92
|b IKM
|
| 999 |
|
|
|a MARS
|
| 999 |
f |
f |
|s 18c00a85-4555-35e5-b5d9-038d054e8ea2
|i 924df7e5-cb95-307a-9db4-55b33a8ad2ee
|t 0
|
| 952 |
f |
f |
|a Texas A&M University
|b College Station
|c Electronic Resources
|d Available Online
|t 0
|e HQ784.M3 V355 2004eb
|h Library of Congress classification
|
| 998 |
f |
f |
|a HQ784.M3 V355 2004eb
|t 0
|l Available Online
|